| 000 | 00925nam a22003257a 4500 | ||
|---|---|---|---|
| 003 | CHAP | ||
| 005 | 20220329133026.0 | ||
| 008 | 971013s1986 r 00010 d | ||
| 010 | _a1402 | ||
| 011 | _a2374 | ||
| 035 | _a1567 | ||
| 040 | _cCHAP | ||
| 082 |
_a070 _bL4 |
||
| 100 | 0 | 0 |
_aLeñero, Vicente. _966072 |
| 245 | _aManual de periodismo | ||
| 260 |
_aMéxico, D. F. : _bGrijalbo, _c1986 |
||
| 300 | _a315 p. | ||
| 490 | _aTratados y manuales grijalbo | ||
| 500 | _a41-172 | ||
| 590 |
_aBATCH-UPD _b10 _c20130110 _lUCH01 _h0941 |
||
| 590 |
_aBATCH-UPD _b10 _c20130410 _lUCH01 _h0557 |
||
| 590 |
_aBATCH-UPD _b10 _c20130914 _lUCH01 _h1722 |
||
| 590 |
_aCONVERSION _b10 _c20130109 _lUCH01 _h1302 |
||
| 650 | 1 | 4 |
_aPeriodismo. _987175 |
| 700 | 0 |
_aMarín, Carlos. _971525 |
|
| 830 | 0 |
_aTratados y manuales grijalbo _9114696 |
|
| 901 | _aBK | ||
| 942 | _cLIBRO | ||
| 949 |
_a070 L4 _bBC _cC _d33724000462412 _eC _h79310 _i1567 _si |
||
| 999 |
_c1402 _d1402 |
||